| Tag |
First Indicator |
Second Indicator |
Subfields |
| LEADER |
00000cam a2200000 a 4500 |
| 001 |
in00000778321 |
| 005 |
20151017055633.0 |
| 008 |
890131s1974 txu 00010 eng d |
| 035 |
|
|
|a (OCoLC)19084143
|
| 035 |
|
|
|9 ADM1421AM
|
| 040 |
|
|
|a TXA
|c TXA
|d UtOrBLW
|
| 043 |
|
|
|a cc-----
|a nm-----
|
| 049 |
1 |
|
|a TXA2
|
| 090 |
|
|
|a GC1
|b .T42 Proj.934, R-74-3T
|
| 100 |
1 |
|
|a Ichiye, Takashi,
|d 1921-
|
| 245 |
1 |
0 |
|a Ocean microstructures and their effects on sound propagation in the Caribbean Sea /
|c by Takashi Ichiye.
|
| 264 |
|
1 |
|a College Station, Tex. :
|b Texas A & M University, Dept. of Oceanography,
|c 1974.
|
| 300 |
|
|
|a i, 123 leaves :
|b graphs ;
|c 28 cm.
|
| 336 |
|
|
|a text
|b txt
|2 rdacontent
|
| 337 |
|
|
|a unmediated
|b n
|2 rdamedia
|
| 338 |
|
|
|a volume
|b nc
|2 rdacarrier
|
| 490 |
1 |
|
|a [Texas. A & M University. Department of Oceanography] Project 934, Reference ;
|v 74-3T
|
| 500 |
|
|
|a On title page: Gulf Universities Research Consortium.
|
| 650 |
|
0 |
|a Cayman Sea.
|
| 651 |
|
0 |
|a Yucatán Channel.
|
| 650 |
|
0 |
|a Sounding and soundings.
|
| 650 |
|
0 |
|a Microstructure.
|
| 651 |
|
0 |
|a Caribbean Sea.
|
| 710 |
2 |
|
|a Gulf Universities Research Consortium.
|
| 710 |
2 |
|
|a Texas A & M University.
|b Department of Oceanography.
|
| 830 |
|
0 |
|a Project 934 (Texas A & M University. Department of Oceanography) Reference ;
|v no. 74-3T.
|
| 999 |
|
|
|a MARS
|
| 999 |
f |
f |
|s 84e6a4f0-6962-37cd-9c07-ae836d6d9ac7
|i 51512cf7-0fdd-36e6-b901-43910dae1689
|t 0
|
| 952 |
f |
f |
|p ric
|a Texas A&M University
|b Rellis Campus
|c Joint Library Facility
|d Remote Storage
|t 0
|e GC1 .T42 Proj.934, R-74-3T
|h Library of Congress classification
|i unmediated -- volume
|m A14811598225
|
| 998 |
f |
f |
|a GC1 .T42 Proj.934, R-74-3T
|t 0
|l Remote Storage
|